Primeros resultados de la Encuesta Nacional sobre Niveles de Vida de los Hogares [ENNViH 2002] /
Na minha lista:
| Autor principal: | |
|---|---|
| Outros Autores: | |
| Formato: | Livro |
| Idioma: | espanhol |
| Publicado em: |
México :
Universidad Iberoamericana, Plantel Santa Fe, Instituto de Investigaciones sobre Desarrollo Sustentable y Equidad Social,
2005, c2005
|
| Colecção: | (Serie de Documentos de Investigación ;
5) |
| Assuntos: | |
| Tags: |
Sem tags, seja o primeiro a adicionar uma tag!
|
MARC
| LEADER | 00000nam^a2200000^a^4500 | ||
|---|---|---|---|
| 001 | 000187380 | ||
| 005 | 20250521000000.0 | ||
| 009 | 20260310102258.252 | ||
| 020 | |a 968-859-585-3 | ||
| 037 | |a Acervo ITESO - Biblioteca | ||
| 041 | |a ESP | ||
| 082 | |a 339. 470972 |b TER | ||
| 100 | |a Teruel Belismelis, Graciela |e (autor) | ||
| 245 | 1 | 0 | |a Primeros resultados de la Encuesta Nacional sobre Niveles de Vida de los Hogares [ENNViH 2002] / |c G. Teruel Belismelis, L.N. Rubalcava Peñafiel. |
| 264 | 4 | |a México : |b Universidad Iberoamericana, Plantel Santa Fe, Instituto de Investigaciones sobre Desarrollo Sustentable y Equidad Social, |c 2005, c2005 | |
| 300 | |a 20 p. | ||
| 336 | |a texto |b txt |2 rdacontenido | ||
| 337 | |a sin mediación |b n |2 rdamedio | ||
| 338 | |a volumen |b nc |2 rdasoporte | ||
| 440 | 1 | |a (Serie de Documentos de Investigación ; |v 5) | |
| 649 | |a XX | ||
| 650 | |a Gasto - |z México - |x Estadísticas | ||
| 650 | |a Consumo - |z México - |x Estadísticas | ||
| 650 | |a Ingresos - |z México - |x Estadísticas | ||
| 650 | |a Empleo y Desempleo - |z México - |x Estadísticas | ||
| 650 | |a Violencia - |z México - |x Estadísticas | ||
| 650 | |a Antropometría - |z México - |x Estadísticas | ||
| 650 | |a Estadística Vital - |z México | ||
| 650 | |a Demografía - |z México - |x Estadísticas | ||
| 650 | |a Educación - |z México - |x Estadísticas | ||
| 650 | |a Indicadores Económicos - |z México | ||
| 650 | |a Economía Familiar - |z México - |x Estadísticas - |x Tema Principal | ||
| 650 | |a Economía - |z México - |x Estadísticas | ||
| 700 | |a Rubalcava Peñafiel, Luis N. |e (autor) | ||
| 910 | |a Fondo General | ||
| 920 | |a Impresos - Libros | ||
| 930 | |a Colección General | ||
| 905 | |a 101 | ||
| 901 | |a 0500129684 |b IT1 |c ACC |u 20250521 | ||
| 902 | |a https://opac.biblio.iteso.mx/vufind/Record/000187380 | ||